000 00546nam a22001697a 4500
005 20260225100446.0
008 260225b |||||||| |||| 00| 0 eng d
020 _a978-9-0041-4861-1
050 _aK639.F74 2007
100 _aMICHAEL FREEMAN
245 _aA COMMENTARY ON THE UNITED NATIONS CONVENTION ON THE RIGHTS OF THE CHILD
260 _aBOSTON
_bMARTINUS NIJHOFF PUBLISHERS
_c2007
300 _aX,79
500 _aINCLUDES BIBLIOGRAPHY
650 _aChildrens legal status,law.-convention on the right of the child
942 _2lcc
_cBK
999 _c216640
_d216640